000 01458nam a2200349Ia 4500
001 ebr10666336
003 CaPaEBR
006 m u
007 cr cn|||||||||
008 110829s2012 mau sb 001 0 eng d
020 _z1618110292 (electronic)
020 _z1936235552 (hbk.)
020 _z9781618110299 (electronic)
020 _z9781936235551 (hbk.)
040 _aCaPaEBR
_cCaPaEBR
035 _a(OCoLC)829905942
050 1 4 _aJA83
_b.L53 2012eb
245 0 4 _aThe liberal-republican quandary in Israel, Europe, and the United States
_h[electronic resource] :
_bearly modern thought meets current affairs /
_cedited by Thomas Maissen and Fania Oz-Salzberger.
260 _aBrighton, MA :
_bAcademic Studies Press,
_cc2012.
300 _a286 p.
490 1 _aIsrael, society, culture and history
504 _aIncludes bibliographical references and index.
533 _aElectronic reproduction.
_bPalo Alto, Calif. :
_cebrary,
_d2013.
_nAvailable via World Wide Web.
_nAccess may be limited to ebrary affiliated libraries.
650 0 _aPolitical science
_xPhilosophy.
650 0 _aPolitical science
_xHistory.
655 7 _aElectronic books.
_2local
700 1 _aMaissen, Thomas,
_d1962-
700 1 _aOz-Salzberger, Fania.
710 2 _aebrary, Inc.
830 0 _aIsrael (Boston, Mass.)
856 4 0 _uhttp://site.ebrary.com/lib/rucke/Doc?id=10666336
_zAn electronic book accessible through the World Wide Web; click to view
999 _c61268
_d61268